Industrial society theory: perspective or paradigm? /

Salvato in:
Dettagli Bibliografici
Autore principale: Badham, Richard
Natura: testo
Tags: Aggiungi Tag
Nessun Tag, puoi essere il primo ad aggiungerne!!

MARC

LEADER 00000 a a2200000 04500
001 48392
003
040
100 |a Badham, Richard  
245 |a Industrial society theory:   |b perspective or paradigm? /  |c Richard Badham  
500 |a Incluye los apartados: Crisis of sociology versus poverty of sociology, perspectives on industrial society, theory of industrial society, industrial society theory as paradigm  
773 |g volumen 32, número 1, (1984), páginas 1-7  
999 |c 31545  |d 31545